Équipe gagnante du Trophée Prince de Galles dans la LNH - Statistiques

Statistiques générales
  • Ce quiz a été pris 22 fois
    19 depuis la dernière actualisation
  • Le résultat moyen est 17 sur 52
Statistiques - réponses
Année Équipe % Correct
1967-1968 Canadiens de Montréal
75%
1968-1969 Canadiens de Montréal
75%
2010-2011 Bruins de Boston
69%
2018-2019 Bruins de Boston
69%
1992-1993 Canadiens de Montréal
69%
2015-2016 Penguins de Pittsburgh
69%
2016-2017 Penguins de Pittsburgh
69%
2012-2013 Bruins de Boston
63%
2017-2018 Capitals de Washington
63%
2008-2009 Penguins de Pittsburgh
56%
2013-2014 Rangers de New York
56%
1972-1973 Canadiens de Montréal
50%
2007-2008 Penguins de Pittsburgh
50%
2011-2012 Devils du New Jersey
44%
2009-2010 Flyers de Philadelphie
44%
2005-2006 Hurricanes de la Caroline
44%
2014-2015 Lightning de Tampa Bay
44%
1975-1976 Canadiens de Montréal
38%
1977-1978 Canadiens de Montréal
38%
2004-2005 Aucun
31%
1970-1971 Bruins de Boston
31%
1985-1986 Canadiens de Montréal
31%
1988-1989 Canadiens de Montréal
31%
2000-2001 Devils du New Jersey
31%
2003-2004 Lightning de Tampa Bay
31%
1993-1994 Rangers de New York
31%
1969-1970 Blackhawks de Chicago
25%
1971-1972 Bruins de Boston
25%
1973-1974 Bruins de Boston
25%
1978-1979 Canadiens de Montréal
25%
1980-1981 Canadiens de Montréal
25%
1999-2000 Devils du New Jersey
25%
1990-1991 Penguins de Pittsburgh
25%
1991-1992 Penguins de Pittsburgh
25%
1998-1999 Sabres de Buffalo
25%
1976-1977 Canadiens de Montréal
19%
1994-1995 Devils du New Jersey
19%
2002-2003 Devils du New Jersey
19%
1995-1996 Panthers de la Floride
19%
2006-2007 Sénateurs d'Ottawa
19%
1989-1990 Bruins de Boston
13%
1997-1998 Capitals de Washington
13%
2001-2002 Hurricanes de la Caroline
13%
1981-1982 Islanders de New York
13%
1982-1983 Islanders de New York
13%
1983-1984 Islanders de New York
13%
1987-1988 Bruins de Boston
6%
1984-1985 Flyers de Philadelphie
6%
1996-1997 Flyers de Philadelphie
6%
1986-1987 Flyers de Philadelphie
0%
1974-1975 Sabres de Buffalo
0%
1979-1980 Sabres de Buffalo
0%
Aucun quiz correspondant
Distribution des résultats
% des personnes avec chaque résultat
Percentile par nombre de réponses
Votre historique - résultats
Vous n’avez pas pris ce quiz depuis la dernière actualisation